Catalog

Record Details

Catalog Search



The missing diary. #2 / Thea Stilton ; ... Read More

Stilton, Thea,(author.).
Dami, Elisabetta,(creator.). Pellizzari, Barbara,(illustrator.). ... Read More

Available copies

  • 1 of 1 copy available at LARL/NWRL Consortium.
  • 1 of 1 copy available at Northwest Regional Library. (Show preferred library)

Current holds

0 current holds with 1 total copy.

Show Only Available Copies
Location Call Number / Copy Notes Barcode Shelving Location Status Due Date
Godel Memorial-Warren Library j pb STI (Text) 35500005873698 Main Available -

Record details

  • ISBN: 9780545645331 (pbk.)
  • ISBN: 0545645336 (pbk.)
  • Physical Description: 113 pages : color illustrations, map ; 20 cm.
  • Publisher: New York : Scholastic Inc., [2014]

Content descriptions

General Note:
Translation of: Il Diario segreto di Colette.
"Based on an original idea by Elisabetta Dami"--Title page verso.
Summary, etc.:
The Thea Sisters and some friends want to start a ... Read More
Target Audience Note:
Appeals to 2nd-4th graders.
Reading level grade 4.
Language Note:
Translated from the Italian.
Subject: Mice > Juvenile fiction.
Schools > Juvenile fiction.
Newspapers > Juvenile fiction.
Reporters and reporting > Juvenile fiction.
Mice
Newspapers
Reporters and reporting
Schools.
Genre: Fiction.
Juvenile works.
LDR 02454cam a22005657i 4500
001257288
003LARL_NWRL_CONSORTIUM
00520180424204402.0
008141021t20142009nyuab j 000 1 eng d
010 . ‡a 2014378973
020 . ‡a9780545645331 (pbk.)
020 . ‡a0545645336 (pbk.)
035 . ‡a(OCoLC)868239873
040 . ‡aIEU ‡cIEU ‡dIEU ‡dOCLCA ‡dOCLCF ‡erda ‡dOCLCO ‡dAU@ ‡dDLC
041 . ‡aeng ‡hita
042 . ‡alccopycat
08200. ‡a[Fic] ‡223
1001 . ‡aStilton, Thea, ‡eauthor. ‡0(LARL_NWRL_CONSORTIUM)220782
24514. ‡aThe missing diary. ‡n#2 / ‡cThea Stilton ; illustrations by Barbara Pellizzari (inks) and Davide Turotti (color) ; translated by Lidia Morson Tramontozzi.
264 1. ‡aNew York : ‡bScholastic Inc., ‡c[2014]
264 4. ‡c©2009
300 . ‡a113 pages : ‡bcolor illustrations, map ; ‡c20 cm.
336 . ‡atext ‡btxt ‡2rdacontent
336 . ‡astill image ‡bsti ‡2rdacontent
337 . ‡aunmediated ‡bn ‡2rdamedia
338 . ‡avolume ‡bnc ‡2rdacarrier
4900 . ‡aThea Stilton Mouseford Academy ; ‡v2
546 . ‡aTranslated from the Italian.
500 . ‡aTranslation of: Il Diario segreto di Colette.
500 . ‡a"Based on an original idea by Elisabetta Dami"--Title page verso.
5212 . ‡aAppeals to 2nd-4th graders.
5210 . ‡aReading level grade 4.
520 . ‡aThe Thea Sisters and some friends want to start a school newspaper. Then Colette's diary is missing and sports reporter Nicky, witnesses something suspicious at the Iron Mouse Games. The Sisters' try to solve both mysteries and still get the paper out on time.
650 0. ‡aMice ‡vJuvenile fiction. ‡0(LARL_NWRL_CONSORTIUM)166198
650 0. ‡aSchools ‡vJuvenile fiction. ‡0(LARL_NWRL_CONSORTIUM)167227
650 0. ‡aNewspapers ‡vJuvenile fiction.
650 0. ‡aReporters and reporting ‡vJuvenile fiction.
650 7. ‡2fast ‡aMice ‡0(LARL_NWRL_CONSORTIUM)177613
650 7. ‡2fast ‡aNewspapers ‡0(LARL_NWRL_CONSORTIUM)26804
650 7. ‡2fast ‡aReporters and reporting ‡0(LARL_NWRL_CONSORTIUM)178038
650 7. ‡aSchools. ‡2fast ‡0(LARL_NWRL_CONSORTIUM)30355
655 7. ‡aFiction. ‡2fast
655 7. ‡aJuvenile works. ‡2fast
7001 . ‡aDami, Elisabetta, ‡ecreator. ‡0(LARL_NWRL_CONSORTIUM)220777
7001 . ‡aPellizzari, Barbara, ‡eillustrator.
7001 . ‡aTramontozzi, Lidia Morson, ‡etranslator.
901 . ‡a257288 ‡b ‡c257288 ‡tbiblio

Additional Resources